| 000 | 00573nam a22001937a 4500 | ||
|---|---|---|---|
| 003 | BD-DhUL | ||
| 005 | 20180816155451.0 | ||
| 008 | 180816s2004 ua ||||| |||| 00| 0 ara d | ||
| 040 |
_aBD-DhUL _cBD-DhUL |
||
| 082 |
_a892.709 _bHIA |
||
| 100 | 1 | _aھلال، محمد غنیمی | |
| 245 | 1 |
_aالادب المقارن / _cمحمد غنیمی ھلال _h |
|
| 246 | _aAl-adab al-muqārin | ||
| 250 | _aط. ۳ | ||
| 260 |
_aالقاھرۃ : _bنحضۃ مصر، _c۲۰۰۴۔ |
||
| 300 |
_aص۔ ۳۸۱ ؛ _c۲۴ سم۔ |
||
| 650 | 4 | _aArabic literature | |
| 942 |
_2ddc _cBK |
||
| 999 |
_c243187 _d243187 |
||